| 000 | 01075nam a2200277 i 4500 | ||
|---|---|---|---|
| 001 | 178552 | ||
| 003 | ES-MaACL | ||
| 005 | 20250811062537.0 | ||
| 008 | 110607s1983 sp |||| | spa d | ||
| 020 | _a84-7483-316-7 | ||
| 080 | _a821.134.2-2 | ||
| 245 | 0 | 0 |
_aTeatro español. _nI. |
| 260 |
_aMadrid : _bMinisterio de Cultura, Subdirección General de Estudios y Coordinación, _c[1983] |
||
| 300 |
_a216 p. ; _c21 cm. |
||
| 505 | 8 | 0 | _aContiene: La Celestina / Fernando de Rojas. Entremeses / Miguel de Cervantes. Fuenteovejuna / de Lope de Vega ; (versión libre de Juan Guerrero Zamora) |
| 650 | 4 |
_aTeatro español- _yS.XVI-XVII. _917350 |
|
| 700 | 1 |
_aRojas, Fernando de, _dca. 1470-1541. _tLa Celestina _999043 |
|
| 700 | 1 |
_aVega, Lope de, _d1562-1635 _9113563 |
|
| 700 | 1 |
_aCervantes Saavedra, Miguel de, _d1547-1616 _9226514 |
|
| 710 | 1 |
_aEspaña. _bMinisterio de Cultura _93850 |
|
| 730 | 3 | 2 |
_aLa Celestina. _9135312 |
| 740 | 0 | 2 | _aEntremeses. |
| 740 | 0 | 2 | _aFuenteovejuna. |
| 852 | 4 |
_aES-MaACL _jE-15328 _xOlim P-247 |
|
| 999 |
_c178552 _d178552 |
||